| 000 | 00699nam a2200241Ia 4500 | ||
|---|---|---|---|
| 003 | IN-BaIIA | ||
| 008 | 211028s9999 xx 000 0 eng d | ||
| 020 | _a978-81-317-5891-5 | ||
| 040 | _cIIA Library | ||
| 080 |
_a531 _bGOL |
||
| 100 | _aGoldstein, Herbert | ||
| 245 | 0 |
_aClassical mechanics _cHerbert Goldstein, C. P. Poole and J. L. Safko |
|
| 250 | _a3rd ed. | ||
| 260 |
_aNew Delhi _bPearson-Dorling Kindersley _c2013 |
||
| 300 | _axviii, 646p. | ||
| 650 |
_aClassical mechanics _91541 |
||
| 650 |
_aElementary principles _927097 |
||
| 650 |
_aKinematics _91556 |
||
| 650 |
_aOscillations _92762 |
||
| 700 |
_aPoole, Charles P _923023 |
||
| 700 |
_aSafko, John L _935524 |
||
| 942 | _cBK | ||
| 999 |
_c18492 _d18492 |
||